Six Missionaries in Africa / (Record no. 4808)
[ view plain ]
| 000 -LEADER | |
|---|---|
| fixed length control field | 00623nam a2200241 a 4500 |
| 001 - CONTROL NUMBER | |
| JCCL Control Number | 4808 |
| 003 - CONTROL NUMBER IDENTIFIER | |
| JCCL marc code | BD-JhCC |
| 005 - DATE AND TIME OF LATEST TRANSACTION | |
| control field | 20171209163420.0 |
| 008 - FIXED-LENGTH DATA ELEMENTS--GENERAL INFORMATION | |
| fixed length control field | 171203s19471964e |||| || | 000 0 eng d |
| 035 ## - SYSTEM CONTROL NUMBER | |
| system control number | (BD-JhCC)4808 |
| 040 ## - CATALOGING SOURCE | |
| Original cataloging agency | BD-JhCC |
| Modifying agency | BD-JhCC |
| 041 ## - LANGUAGE CODE | |
| Language code of Book | eng |
| 082 ## - DEWEY DECIMAL CLASSIFICATION NUMBER | |
| Classification number | 920 |
| Author mark and Year | NOR 1964 |
| 100 ## - MAIN ENTRY--PERSONAL NAME | |
| Personal name | Northcott, Cecil |
| 245 ## - TITLE STATEMENT | |
| Title | Six Missionaries in Africa / |
| Statement of responsibility, etc | Cecil Northcott, Joyce Reason |
| 250 ## - EDITION STATEMENT | |
| Edition statement | 2nd ed. |
| 260 ## - PUBLICATION, DISTRIBUTION, ETC. (IMPRINT) | |
| Place of publication, distribution, etc | London : |
| Name of publisher, distributor, etc | Oxford University Press, |
| Date of publication, distribution, etc | 1964. |
| 300 ## - PHYSICAL DESCRIPTION | |
| Pagination | 69 p. : |
| Dimensions | 18 cm. |
| 650 ## - SUBJECT ADDED ENTRY--TOPICAL TERM | |
| Topical term or geographic name as entry element | Missionaries |
| Geographic subdivision | Africa |
| 700 ## - ADDED ENTRY--PERSONAL NAME | |
| Personal name | Reason, Joyce |
| 942 ## - ADDED ENTRY ELEMENTS (KOHA) | |
| Source of classification or shelving scheme | Dewey Decimal Classification |
| Koha item type | Books |
| Source of classification or shelving scheme | Damaged status | Not for loan | Home library | Current library | Shelving location | Date of accession | Total Checkouts | Full call number | Barcode | Date last seen | Copy number | Koha item type |
|---|---|---|---|---|---|---|---|---|---|---|---|---|
| Dewey Decimal Classification | JCC Rouf Library | JCC Rouf Library | General Stacks | 12/03/2017 | 920 NOR 1964 | 5983 | 12/03/2017 | C- 1 | Books |